NFL Trivia - Statistics

General Stats
  • This quiz has been taken 185 times
  • The average score is 4 of 15
Answer Stats
Hint Answer % Correct
Who has the longest rush of the season? Derrick Henry
71%
Name a FB to score a TD beside Kyle Juszczyk Alec Ingold | C.J. Ham | Michael Burton | Patrick Ricard
69%
The Eagles beat the Packers in week 1 to become the first team to win a game in what country? Brazil
49%
Name a non-QB to throw a TD David Montgomery | Amon-Ra St. Brown | Courtland Sutton
49%
What kicker scored all 18 points twice to lead his team to two victories? Chris Boswell
38%
Which QB has the most rushing yards without a TD? Caleb Williams
32%
What TE has two TD's, but no receiving TD's this season? Trey Mcbride
30%
Who is the only player this season to return a punt and kickoff for a TD? Kavontae Turpin
25%
Who has the most receiving TD's for the Rams? Demarcus robinson
24%
Which team has forced 28 opponent turnovers? Steelers
20%
What QB leads the league in fumbles? Baker Mayfield
15%
Who has the longest reception of the season? Nick Westbrook-Ikhine
7%
What team is the only to have 2 players with 100+ Targets? Giants
4%
Name an offensive lineman who has scored a TD Wanya Morris | Vederian Lowe | Trent Scott
4%
What 5'9 player is the shortest player to score a TD this season? Ameer Abdullah
0%
No matching quizzes found
Score Distribution
Percent of People with Each Score
Percentile by Number Answered
Your Score History
You have not taken this quiz